000 00354nam a2200157Ia 4500
008 221030s9999 xx 000 0 und d
020 _a0074
041 _aEnglish
082 _a105.23
_bGod
100 _aA. S Godbole
245 0 _aOperating Systems
_cby A. S Godbole
260 _aNew Delhi
_c2003
300 _a722
650 _aComputers
942 _cBK
999 _c453
_d453